| 000 | 00569nam a22002057a 4500 | ||
|---|---|---|---|
| 001 | 43656 | ||
| 003 | OSt | ||
| 005 | 20150114105623.0 | ||
| 008 | 150114b xxu||||| |||| 00| 0 eng d | ||
| 020 | _a0335199542 | ||
| 040 |
_aDDC _beng _cDDC _dDDC |
||
| 082 |
_21st. ed. _a302.2 |
||
| 245 |
_aTelevision, globalization and cultural identities / _cChris Barker |
||
| 250 | _bChris Barker | ||
| 260 |
_aNew York _bMcGraw-Hill _cc2005. |
||
| 300 |
_axi, 195 p. _c22 cm. |
||
| 504 | _aIncludes glossary, bibliography and index. | ||
| 700 | _4Barker, Chris | ||
| 942 |
_2ddc _cBK |
||
| 999 |
_c2073 _d2073 |
||